| 000 | 00529nam a22001697a 4500 | ||
|---|---|---|---|
| 999 |
_c168847 _d168847 |
||
| 005 | 20191030113641.0 | ||
| 010 | _aENG-126728 | ||
| 020 |
_a9788126047499 _c100.00 |
||
| 035 | _aEN-110260 | ||
| 037 | _bDBAD/PUB | ||
| 082 | _aS | ||
| 245 |
_aSirshendu mikhopadhyay : _bselected short stories |
||
| 260 |
_aNew Delhi _bSahitya Akadmi _c2016 |
||
| 270 |
_aRabindra Bhavan _b 35, Ferozshah Road,New Delhi _e110001 _k011-23386626/27/28 _msecretary@sahitya.akademi.gov.in |
||
| 300 |
_axi;111p. _c22cm(pbk) |
||
| 942 |
_2ddc _cEN _hS _mSIR |
||